000 00964nam a2200325 b 4500
001
003 DO-SdBNP
005 20180219151805.0
008 960827s1996 sp | ||| ||spa
016 7 _a
_2BPMSU
017 _a
_b
020 _a8434851032
035 _a(OCoLC)
040 _aBPMSU
_bspa
_cBPMSU
_e
041 1 _aspa
_h
080 0 _a
100 1 _aSchär, Brigitte
240 1 4 _aDas geht doch nicht!
_lEspañol
245 1 0 _a¡Esto no puede ser! /
_cBrigitte Schär ; ilustracionesJacky Gleich ; traducción del alemán, Carmen Bas
_h
260 _aMadrid :
_bSM,
_c1996
300 _a43 p.:
_bil. ;
_c23 cm
490 _aEl barco de vapor.
_aSerie Oro..
_v6
650 _aGleich, Jacky
_eil
700 _aBas, Carmen,
700 _aGleich, Jacky,
_d1964
_eil.
830 _aEl barco de vapor.
_aSerie Oro.
_p Blanca
_v6
942 _2ddc
_cBK
945 _aInventariado, 2018 / BT
956 _a VMATEO
_b10
_c20170117
_dBPMSU
_f0069
999 _c12504
_d12504